Plan estratégico para incrementar la cuota de mercado del negocio Bros Pizza en la ciudad de Managua

Presenta caracterización de la empresa, mostrando aspectos generales de la misma, procesos de producción y comercialización de pizzas, el clima laboral de la empresa, liderazgo, trabajo en equipo y motivación y el entorno en el cual se desarrolla la empresa, además contiene investigación de me...

Full description

Bibliographic Details
Main Authors: Brenes Castillo, Milder Josué, Duran Lacayo, Lissette Yenets
Other Authors: Tutor: Huete Castillo, Manuel Enrique
Format: Tesis Section = Libro
Language:Undetermined
Spanish
Published: Managua UNI 2010
Subjects:
LEADER 01278nam a2200265Ia 4500
008 240830s9999 xx 000 0 und d
040 |a BIBLIOTECA-RUPAP T.Mon 658.83 B837 
041 |a spa 
082 |a T.Mon 658.83 B837 
100 1 |a Brenes Castillo, Milder Josué 
100 1 |b  Duran Lacayo, Lissette Yenets 
245 1 0 |a Plan estratégico para incrementar la cuota de mercado del negocio Bros Pizza en la ciudad de Managua 
260 |a Managua  |b UNI  |c 2010 
300 |a 53 p. :il. 
500 |a Contiene: anexos e Incluye: CD. 
502 |a Tesis (Ingeniero de Sistemas)- UNI, 2010. 
520 3 |a Presenta caracterización de la empresa, mostrando aspectos generales de la misma, procesos de producción y comercialización de pizzas, el clima laboral de la empresa, liderazgo, trabajo en equipo y motivación y el entorno en el cual se desarrolla la empresa, además contiene investigación de mercado del producto y de las estrategias de mercado propuesta. 
650 7 |a INVESTIGACIÓN Y ANÁLISIS DE MERCADO - PIZZAS 
650 7 |b MERCADEO - ANÁLISIS - PIZZAS 
650 7 |c ESTUDIO DE MERCADO 
650 7 |d GUSTOS Y PREFERENCIAS DE LOS CONSUMIDORES 
700 1 |a Tutor:  |b Huete Castillo, Manuel Enrique 
942 |c BK  |2 ddc 
991 |a TESIS 
999 |c 18766